Carregant...

The rise of modern China/

Dades bibliogràfiques
Autor principal: Immanuel C Y Hsu
Format: Printed Book
Publicat: New York: Oxford University Press, 1995.
Edició:5th
Matèries:
LEADER 00566nam a22001691a 4500
020 |a 9780195087215 
082 |a 951.03  |b IMM/R 
100 |a Immanuel C Y Hsu  |9 174697 
245 |a The rise of modern China/  |c by Immanuel C Y Hsu 
250 |a 5th 
260 |a New York:  |b Oxford University Press,  |c 1995. 
300 |a 1017p. 
650 |a History China Modern  |9 174698 
650 |a History  |9 174699 
942 |c BK 
999 |c 38491  |d 38491 
952 |0 0  |1 0  |4 0  |6 951_030000000000000_IMM_R  |7 0  |9 55608  |a SSUS  |b SSUS  |d 2015-01-08  |g 475.00  |o 951.03 IMM/R  |p 037733  |r 2015-01-08  |v 0.00  |w 2015-01-08  |y BK